Statistics for Most Valuable Brands

Click here to take the quiz!

General Stats

  • This quiz has been taken 17 times
  • The average score is 7 of 25

Answer Stats

CountryMarket CapAnswer% Correct
πŸ‡ΊπŸ‡² Tech2061BApple
100%
πŸ‡ΊπŸ‡² Software1796BMicrosoft
86%
πŸ‡ΊπŸ‡² Internet1148BAlphabet
79%
πŸ‡ΊπŸ‡² E-Commerce858BAmazon
50%
πŸ‡¨πŸ‡­ Food321BNestle
36%
πŸ‡«πŸ‡· Luxury372BLouis Vuitton
29%
πŸ‡ΊπŸ‡² Tech319BMeta
29%
πŸ‡ΊπŸ‡² Automaker384BTesla
29%
πŸ‡ΊπŸ‡² Investment681BBerkshire Hathaway
21%
πŸ‡ΊπŸ‡² Oil & Gas344BChevron
21%
πŸ‡ΊπŸ‡² Oil & Gas449BExxon Mobil
21%
πŸ‡ΊπŸ‡² Bank390BJPMorgan Chase
21%
πŸ‡ΈπŸ‡¦ Oil & Gas1881BSaudi Aramco
21%
πŸ‡ΊπŸ‡² Healthcare495BUnited Health
21%
πŸ‡ΊπŸ‡² Retail383BWalmart
21%
πŸ‡ΊπŸ‡² Retail326BHome Depot
14%
πŸ‡ΊπŸ‡² Drugs464BJohnson & Johnson
14%
πŸ‡ΊπŸ‡² Tech363BNvidia
14%
πŸ‡¨πŸ‡³ Tech421BTencent
14%
πŸ‡ΉπŸ‡Ό Electronics395BTSMC
14%
πŸ‡ΊπŸ‡² Finance334BMastercard
7%
πŸ‡ΊπŸ‡² Consumer Goods361BProcter and Gamble
7%
πŸ‡ΊπŸ‡² Finance440BVisa
7%
πŸ‡ΊπŸ‡² Drugs348BEli Lily
0%
πŸ‡¨πŸ‡³ Beverage313BKweichow Moutai
0%

Score Distribution

Percentile by Number Answered

Percent of People with Each Score

Your Score History

You have not taken this quiz